| 000 | 00727 a2200193 4500 | ||
|---|---|---|---|
| 003 | NUST | ||
| 005 | 20221206124548.0 | ||
| 010 | _a 80021887 | ||
| 020 | _a0060413956 | ||
| 040 | _cNust | ||
| 082 | 0 | 0 | _a153.6,CRA |
| 100 | 1 |
_aCrable, Richard E. _9104237 |
|
| 245 | 1 | 0 |
_aOne to another : _ba guidebook for interpersonal communication / _cRichard E. Crable. |
| 260 |
_aNew York : _bHarper & Row, _cc1981. |
||
| 300 |
_axvi, 300 p. : _bill. ; _c23 cm. |
||
| 505 | _aCommunication One to another (Page-1), Concepts of Interpersonal Communication (Page-39), Process of Communication (Page-95), Interludes in Communication and Communion (Page-159). | ||
| 650 | 0 |
_aInterpersonal communication. _94420 |
|
| 942 |
_2ddc _cBK _k153.6,CRA |
||
| 999 |
_c193794 _d193794 |
||